000 00661nam a2200229 4500
001 144630
003 ES-MaACL
005 20230906201049.0
007 t|
008 070214s1985 sp r ||||1| spa d
020 _a84-86311-21-7
100 1 _aSimon, Claude.
_9106506
245 1 3 _aEl Palace /
_cClaude Simon ; traducción de Manuel Serrat Crespo.
250 _a1ª. ed.
260 _aBarcelona :
_bVersal,
_c1985.
300 _a188 p. ;
_c22 cm.
490 1 _aBiblioteca del corondel
700 1 _aSerrat Crespo, Manuel.
_9105816
830 0 _aBiblioteca del corondel
_9178070
852 _aES-MaACL
_jL-10270
_bR.111602
999 _c144630
_d144630